Surface treatments to improve vulcanised latex adhesion : Current state of the art (Record no. 70019)

MARC details
000 -LEADER
fixed length control field 00679nam a2200169Ia 4500
100 ## - MAIN ENTRY--AUTHOR NAME
Personal name Martin-Martinez Jose Miguel
245 #0 - TITLE STATEMENT
Title Surface treatments to improve vulcanised latex adhesion : Current state of the art
260 ## - PUBLICATION, DISTRIBUTION, ETC. (IMPRINT)
Name of publisher Latex 2004 : The 3rd two-day conference on Synthetic Emulsions, Natural latex and Latex based Products, 20-21 April 2004, Rapra Technology Limited, Hamburg, Germany. pp.157-178.
650 ## - SUBJECT ADDED ENTRY--TOPICAL TERM
Topical Term Adhesion
650 ## - SUBJECT ADDED ENTRY--TOPICAL TERM
Topical Term Surface treatment
650 ## - SUBJECT ADDED ENTRY--TOPICAL TERM
Topical Term Vulcanised latex
700 ## - ADDED ENTRY--PERSONAL NAME
Personal name Cepeda-Jimenez Carmen M
700 ## - ADDED ENTRY--PERSONAL NAME
Personal name Estebanez-Rodriguez Maria S
700 ## - ADDED ENTRY--PERSONAL NAME
Personal name Romero-Sanchez Maria D
942 ## - ADDED ENTRY ELEMENTS (KOHA)
Koha item type Journals
Holdings
Withdrawn status Lost status Damaged status Not for loan Home library Current library Shelving location Date acquired Koha item type
      Journals RRII Library RRII Library Rubber chemistry 17/12/2021 Journals